000 00691nam a2200289Ia 4500
005 20260324150441.0
008 008 260324s9999 xx 000 0 eng d
020 _a9781315128474
037 _aEBOOK
040 _aCRL
040 _beng
040 _cCRL
041 _2eng
041 _aeng
084 _qCRL
100 _aJ. Roland Pennock
_91225934
245 0 _aResale Price Maintainance
245 2 _bA Comparative American-European Perspective
260 _bTaylor and Francis
260 _c1966
365 _a
365 _b230
856 _uhttp://www.taylorfrancis.com/books/9781315128474
942 _cEBOOK
999 _c1835922
_d1835922